Pripravovaná novela zákona o účtovníctve

Ministerstvo financií SR vypracovalo novelizáciu zákona č. 431/2002 Z.z. o účtovníctve v znení neskorších predpisov a o zmene a doplnení niektorých zákonov. Pripravované zmeny by mali nadobudnúť účinnosť 1. januára 2007 a neskôr. Popis jednotlivých zmien.

Salvato in:
Dettagli Bibliografici
Autore principale: Meluchová, Jitka, 1965-
Natura: Capitolo di libro
Lingua:slovacco
Soggetti:
Tags: Aggiungi Tag
Nessun Tag, puoi essere il primo ad aggiungerne!!

MARC

LEADER 00000nla$a2200000$$$4500
001 0046654
005 20240502071534.7
041 0 |a slo 
044 |a SK 
245 1 0 |a Pripravovaná novela zákona o účtovníctve  |c Jitka Meluchová 
520 |a Ministerstvo financií SR vypracovalo novelizáciu zákona č. 431/2002 Z.z. o účtovníctve v znení neskorších predpisov a o zmene a doplnení niektorých zákonov. Pripravované zmeny by mali nadobudnúť účinnosť 1. januára 2007 a neskôr. Popis jednotlivých zmien. 
610 2 0 |a účtovníctvo 
610 2 0 |a zákony 
610 2 0 |a novelizácia 
610 2 0 |a Slovensko 
610 2 0 |a 2007 
100 1 |a Meluchová, Jitka, 1965-